02960cam a22003497i 4500999001700000005001700017008004100034017003000075020002900105020001500134035002000149040003300169082002100202245015500223246001100378250001900389300005700408500010000465504005000565650004700615650002900662650002700691650004800718650004600766651001000812700003100822700004000853942001200893505154200905906004502447952011802492 c64135d6413520240530110716.0160209s2016 enka b 001 0 eng  bمصر. دار الكتب a9781107087293 (hardback) a1107087295 a(DNLM)101676510 aDNLM/DLCbengcDLCerdadDLC00221a616.81\bC C00aCaplan's stroke :ba clinical approach /cedited by Louis R Caplan, Beth Israel Deaconess Medical Center and Harvard Medical School, Boston, MA. USA.1 aStroke aFifth edition. aix, 640 pages :billustrations (some color) ;c29 cm aPreceded by Caplan's stroke / Louis R. Caplan. 4th ed. Philadelphia : Elsevier/Saunders, c2009. aIncludes bibliographial references and index. 0aCerebrovascular diseasexDiagnosis.2qrmak12aStrokexdiagnosis2qrmak12aStrokextherapy2qrmak22aCerebrovascular Disordersxdiagnosis2qrmak22aCerebrovascular Disordersxtherapy2qrmak 2qrmak1 aCaplan, Louis R.,eeditor.1 aCaplan, Louis R..tCaplan's stroke. 2ddccBK0 aIntroduction and perspective / Louis R. Caplan -- Pathology, anatomy, and pathophysiology of stroke / Louis R. Caplan and David Liebeskind -- Diagnosis and the clinical encounter / Louis R. Caplan and Fernando Baringamentaria -- Imaging and laboratory diagnosis / Louis R. Caplan, Bruce Campbell, and Steven Davis -- Genetics of stroke / Stephanie Debette and Louis R. Caplan -- Treatment / Louis R. Caplan and Jeffrey Saver -- Large artery occlusive disease of the anterior circulation / Louis R. Caplan and Lawrence Wechsler -- Large vessel occlusive disease of the posterior circulation / Louis R. Caplan and Jong S. Kim -- Penetrating and branch artery disease / Louis R. Caplan, Geoffrey Donnan, and Marie Dagonnier -- Brain embolism / Louis R. Caplan and Pierre Amarenco -- Post-cardiac arrest encephalopathy / Louis R. Caplan and Michael DeGeorgia -- Non-atherosclerotic vasculopathies / Louis R. Caplan and Jose Biller -- Subarachnoid hemorrhage, aneurysms, and vascular malformations / Tudor Jovin and Louis R. Caplan -- Intracerebral hemorrhage / Louis R. Caplan and Carlos Kase -- Stroke in children and young adults / Gabrielle DeVeber, Aneesh Singhal, and Louis R. Caplan -- Spinal cord vascular disease / Louis R. Caplan and Ayrton Massaro -- Cerebral venous thrombosis / Louis R. Caplan and Marie-Germaine Bousser -- Stroke prevention / Louis R. Caplan and Phillip Gorelick -- Complications in stroke patients / Louis R. Caplan and Sandeep Kumar -- Recovery, rehabilitation, and repair / Steven Cramer and Louis R. Caplan. a7bcbccorignewd1eecipf20gy-gencatlg 00104070aCAIbCAIcTECHNOLOGY-LIBRARYd2018-02-25l0o616.81\ C Cp164274r2018-02-25 00:00:00w2018-02-25yBK